Top 10 x 3 : villes les plus dangereuses en Europe - Statistiques

Statistiques générales
  • Ce quiz a été pris 931 fois
  • Le résultat moyen est 16 sur 30
Statistiques - réponses
# Réponse % Correct
7 Paris
98%
3 Marseille
88%
5 Marseille
88%
9 Londres
86%
6 Madrid
78%
5 Rome
77%
7 Rome
77%
1 Moscou
76%
10 Barcelone
73%
4 Naples
70%
1 Kiev
64%
8 Athénes
63%
3 Athénes
63%
6 Milan
62%
10 Bucarest
61%
4 Bruxelles
59%
5 Budapest
59%
4 Sofia
49%
2 Belgrade
48%
3 Turin
48%
9 Zagreb
47%
2 Saint-Pétersbourg
45%
6 Lille
42%
10 Sarajevo
37%
8 Rotterdam
23%
8 Riga
22%
9 Glasgow
18%
2 Bari
10%
1 Rostov-sur-le-Don
6%
7 Coventry
1%
Aucun quiz correspondant
Distribution des résultats
% des personnes avec chaque résultat
Percentile par nombre de réponses
Votre historique - résultats
Vous n’avez pas pris ce quiz